LIBRARY ONLINE CATALOGUE

Food science and nutrition / (Record no. 10278)

MARC details
000 -LEADER
fixed length control field 00607nam a22002172 4500
001 - CONTROL NUMBER
control field 0000024434
005 - DATE AND TIME OF LATEST TRANSACTION
control field 20151217152302.0
008 - FIXED-LENGTH DATA ELEMENTS--GENERAL INFORMATION
fixed length control field 131016s xx 000 0 eng d
020 ## - INTERNATIONAL STANDARD BOOK NUMBER
International Standard Book Number 0198078862 :
040 ## - CATALOGING SOURCE
Original cataloging agency KABU
Transcribing agency KABU
100 1# - MAIN ENTRY--PERSONAL NAME
Personal name Roday, Sunetra.
-- 0000184551
245 10 - TITLE STATEMENT
Title Food science and nutrition /
Statement of responsibility, etc. Sunetra Roday.
250 ## - EDITION STATEMENT
Edition statement 2nd ed.
260 ## - PUBLICATION, DISTRIBUTION, ETC. (IMPRINT)
Place of publication, distribution, etc. New Delhi :
Name of publisher, distributor, etc. O. U. P.,
Date of publication, distribution, etc. 2012.
300 ## - PHYSICAL DESCRIPTION
Extent xxii, 408 p.
650 #0 - SUBJECT ADDED ENTRY--TOPICAL TERM
Topical term or geographic name as entry element Nutrition.
-- 0000155604
650 #0 - SUBJECT ADDED ENTRY--TOPICAL TERM
Topical term or geographic name as entry element Food.
-- 0000156525
852 1# - LOCATION
-- p2826 KES
908 ## - PUT COMMAND PARAMETER (RLIN)
Put command parameter 131016
950 ## - LOCAL HOLDINGS (RLIN)
-- 1
Holdings
Withdrawn status Lost status Source of classification or shelving scheme Not for loan Home library Current library Date acquired Total Checkouts Full call number Barcode Date last seen Date last checked out Price effective from Koha item type
    Library of Congress Classification   Kabarak, Main Campus Kabarak, Main Campus 17/12/2015 2 TX353 .R63 2012 c. 1 016178 25/05/2021 17/05/2021 17/12/2015 General Collection